00460 2200169 4500001002100000005001500021035002000036008004100056245003600097260003900133300002500172084002100197082001100218650002300229100001800252990002000270INLIS00000000000159020260506033538 a0010-1024000401260506 0 ind 1 aEkonomi Moneter /cM. Manullang aJakarta :bGhalia Indonesia,c1975 a190 hlm. ;c21x15 cm a332.46 MAN E C.1 a332.46 4aKebijakan Moneter aManullang, M. a930211200003005